| 000 | 00994nam a22002417i 4500 | ||
|---|---|---|---|
| 999 |
_c23601 _d23601 |
||
| 003 | AR-CdUCM | ||
| 008 | 260407b20182018 pe|a||| |||| 00| 0 spa d | ||
| 040 |
_aMUNICIPALIDAD PROVINCIAL DEL CUSCO _cBIBLIOTECA MUNICIPAL DEL CUSCO |
||
| 041 | _hspa | ||
| 082 |
_a372.7 _bA36 |
||
| 100 |
_aAlbertí Palmer, Miguel _952553 |
||
| 245 |
_aLas matemáticas de l vida cotidiana : _bLa realidad como recurso de aprendizaje y las matemáticas como medio de comunicación / |
||
| 260 |
_aMadrid-España : _bCatarata-Miradas Matematicas _c2018 |
||
| 300 |
_a174 páginas. : _c22x14 cm. |
||
| 500 | _zPáginas: 173-174 | ||
| 505 | _aLa vida cotidiana como recurso de aprendizaje académico -- Nada mas cotidiano que uno mismo -- De un sitio a otro -- Ve a tu alrededor -- Con sumo cuidado -- Vivir con incertidumbre | ||
| 650 |
_aAprendizaje _92143 |
||
| 650 |
_aUno mismo _952554 |
||
| 650 |
_aVida cotidiana _91873 |
||
| 856 | _fwww.catarata.org | ||
| 942 |
_2ddc _cLIBROS |
||
| 945 |
_apbjr _d07-04-2026 |
||